| 000 | 00348nam a2200121Ia 4500 | ||
|---|---|---|---|
| 008 | 191014s9999 xx 000 0 und d | ||
| 082 |
_a512.86 _bCAR |
||
| 100 |
_aRobert D. Carmichael _920356 |
||
| 245 | 0 | _aIntroduction to the Theory of Groups ofg Finite Order | |
| 260 |
_aUSA _bDover Publications INC. _c1956 |
||
| 300 | _aXiv,447 | ||
| 942 | _cBK | ||
| 999 |
_c530933 _d530933 |
||